000 01114nam a2200217 i 4500
001 158257
003 ES-MaACL
005 20250824053552.0
008 931025s1874 sp |||| | spa d
100 0 _aLustonó, Eduardo de.
_974865
245 1 3 _aUn David callejero
_b: zarzuela en un acto y en prosa /
_cletra de Lustonó, y Barrera ; música de Manuel Fernández Grajal.
260 _aMadrid :
_b[s.n.],
_c1874 (
_fImprenta de Gabriel Alhambra)
300 _a18 p. ;
_c19 cm.
490 1 _aBiblioteca dramática : colección de comedias y zarzuelas bufas y serias representadas con éxito en los teatros de Madrid y provincia
500 _aEn port.: "Estrenada con aplauso en Madrid, en el Teatro de la Zarzuela, el 11 de mayo de 1874"
700 1 _aBarrera, Pedro María.
_925922
700 1 _aFernández Grajal, Manuel.
_9127040
830 0 0 _aBiblioteca dramática
_9242024
852 _aES-MaACL
_jF-8555(5)
_z-- Enc. pasta española
_q-- Falto de la cub. original
_z-- Enc. en un vol. facticio, formando parte de la col. facticia "Teatro español moderno", v.7
999 _c158257
_d158257